000 00438nam a2200157 i 4500
001 99800
003 ES-MaACL
005 20230906182546.0
007 t|
008 050915s1970 sp ||||1| spa d
100 1 _aMartínez García, Francisco.
_978101
245 1 3 _aLa revisión de vida /
_cFrancisco Martínez García.
260 _aBarcelona :
_bHerder,
_c1970.
300 _a345 p. ;
_c20 cm.
852 _aES-MaACL
_jC-51721
_bR.74638
999 _c99800
_d99800